000 00606nam a2200181Ia 4500
003 GCL
008 140319s9999 xx 000 0 ara d
040 _aGCL /
_cGCL
082 0 4 _aط
_b317.9044
_bد ت
100 1 _aدار الشروق
245 1 0 _aالعب وتدرب \ فكر وتعلم: تنمية الثروة اللفظية بالالعاب اللغوية /
_cدار الشروق
260 _a[S.N] :
_bدار الشروق
490 _aالتربية المثمرة
_v0
650 0 4 _aطرق التدريس
650 0 4 _aالاطفال
650 0 4 _aتعليم الاطفال
942 _2ddc
_cBK
999 _c56733
_d56733